| 000 | 00734nam a2200265 b 4500 | ||
|---|---|---|---|
| 001 | 0000616 | ||
| 003 | DO-SdBNP | ||
| 005 | 20180126105917.0 | ||
| 007 | 0000616 | ||
| 008 | 050617 2009 sp spa | ||
| 017 |
_a _b |
||
| 020 | _a9788498957150 | ||
| 035 | _a | ||
| 040 |
_aBPMSU _bspa _cBPMSU _e |
||
| 100 | 1 |
_aVela, Javier, _d1981- |
|
| 245 | 1 | 0 |
_aImaginario / _cJavier Vela _h |
| 260 |
_aMadrid : _bVisor libros, _c2009. |
||
| 300 |
_a48 p. : _c20 cm. |
||
| 490 | 1 |
_aVisor de poesía _v715 |
|
| 586 | _aXXI Premio Internacional de Poesía Fundación Loewe a la Joven Creación. | ||
| 830 | 0 |
_aVisor de poesía _n715 |
|
| 942 |
_2ddc _cBK |
||
| 945 | _aInventariado, 2018 /LP | ||
| 956 |
_aYLOCKWARD _b10 _dBPMSU _f00144 |
||
| 999 |
_c11196 _d11196 |
||